000 00490nam a2200181Ia 4500
001 18080
005 20260306171604.0
008 260306s9999||||xx |||||||||||||| ||und||
041 _aESP
082 _a658.401
_bB25
100 _aBarrera Duque, Ernesto
_eAUT
245 0 _aDiseño organizacional centrado en el cliente:
_bteoría y práctica en empresas sociales
260 _c2013
300 _a330 páginas :
_c24 cm.
650 _aGEN
654 _aCAN
942 _cLIB
_dJUS
_fJUS
_2ddc
_n
999 _c18080
_d18080